Automatización de un sistema de transferencia de energía eléctrica constituido por dos fuentes normales y una de emergencia
Збережено в:
| Автор: | |
|---|---|
| Формат: | Книга |
| Опубліковано: |
San José, Costa Rica
1987
|
| Предмети: | |
| Теги: |
Додати тег
Немає тегів, Будьте першим, хто поставить тег для цього запису!
|
MARC
| LEADER | 00000nam a2200000Ia 4500 | ||
|---|---|---|---|
| 003 | 004361 | ||
| 005 | 20240703113019.0 | ||
| 008 | 140114s1987 cr a m 000 ||s d | ||
| 040 | |c cru CEDI | ||
| 090 | |a TFG 2022 | ||
| 100 | |a Rivera Willeke, José María, 1965- |9 3426 | ||
| 245 | |a Automatización de un sistema de transferencia de energía eléctrica constituido por dos fuentes normales y una de emergencia | ||
| 260 | |c 1987 |a San José, Costa Rica | ||
| 300 | |a ix, 84 hojas | ||
| 500 | |a Proyecto de graduación (bachillerato en ingeniería eléctrica)--Universidad de Costa Rica. Facultad de Ingeniería. Escuela de Ingeniería Eléctrica | ||
| 650 | |x SIMULACION POR COMPUTADORA |x TRANSFERENCIA DE ENERGIA |x RECURSOS ENERGETICOS |9 13795 | ||
| 942 | |c TFG |h TFG 2022 |i 004361 |6 TFG_2022_004361000000000 | ||
| 999 | |c 20735 |d 20735 | ||
